|
|
|
|
| LEADER |
00900nam a2200229 i 4500 |
| 001 |
c000254471 |
| 003 |
CARM |
| 005 |
00000000000000.0 |
| 008 |
840913s1977 ko 0 eng d |
| 019 |
1 |
|
|a 1512629
|z 41553702
|5 LACONCORD2021
|
| 035 |
|
|
|a (OCoLC)5402464
|5 LACONCORD2021
|
| 082 |
0 |
4 |
|a 341.26095195
|
| 245 |
0 |
4 |
|a The Legitimacy of the Republic of Korea as proved from the nation's historical point of view.
|
| 260 |
|
|
|a Seoul :
|b Kwangmyung Research Institute ,
|c 1977.
|
| 300 |
|
|
|a 139 p.
|
| 650 |
|
0 |
|a Legitimacy of governments.
|
| 650 |
|
0 |
|a Institute for Peace, Seoul.
|
| 651 |
|
0 |
|a Korea (South)
|x History.
|
| 710 |
2 |
|
|a Kwangmyung Research Institute.
|
| 852 |
8 |
|
|b CARM
|h A2:AQ33G0
|i B07767
|p 0339403
|f BK
|
| 999 |
f |
f |
|i 7a89444a-f502-5a7e-a22f-7178b83d5d9c
|s 1e09c799-741f-55ee-9716-aab6360e2959
|
| 952 |
f |
f |
|p Can circulate
|a CAVAL
|b CAVAL
|c CAVAL
|d CARM 1 Store
|e B07767
|f A2:AQ33G0
|h Other scheme
|i book
|m 0339403
|